| 000 | 00576nam a2200181 4500 | ||
|---|---|---|---|
| 999 |
_c8385 _d8385 |
||
| 008 | 180201b xxu||||| |||| 00| 0 eng d | ||
| 020 | _a0-471-81995-6 | ||
| 082 |
_21988 _aDC 530 _bH15 |
||
| 100 |
_925960 _aHalliday, David. |
||
| 245 |
_aFundamentals of physics/ _cDavid Halliday and Robert Resnick. |
||
| 250 | _aThird Edition Extended | ||
| 260 |
_aNew York: _bJohn Wiley & Sons. _c©1988. |
||
| 300 |
_aix, 1991 pages: _bcolor illustration; _c25 cm. |
||
| 521 | _aIncludes index. | ||
| 650 | 0 |
_925961 _aPhysics |
|
| 700 |
_925963 _aRobert, Resnick _eauthor |
||
| 942 |
_2ddc _cDC |
||